1772 1677 1014 1828 1945 1487 1512 1809 1203 1286 1740 1620 1373 1266 1141 1157 1617 1307 1145 1564 1013 1943 1457 1362 1768 1008 1561 1232 1243 1820 1391 1297 1811 1639 1739 1045 1253 1277 1739 1370 1288 1014 1008 1783 1745 1636 1579 1143 1538 1345 1986 1027 1378 1950 1945 1624 1700 1080 1886 1960 1465 1767 1530 1433 1693 1344 1168 1919 1677 1664 1188 1854 1927 1596 1798 1443 1152 1306 1118 1750 1518 1490 1466 1233 1276 1764 1186 1353 1551 1926 1505 1611 1577 1340 1657 1507 1184 1862 1406 BCNSPRNW ULIB Ver.6.0+V

เปลี่ยนเป็นภาษาไทย

Change to English
 แสดงรายละเอียดบรรณานุกรม
  กลับหน้าหลัก

Brief Record : Get Marc (ISO 2709) : E-mail record : QR code < ปิดหน้าต่าง
LEADER : 00000nam 2200000uu 4500
001    13399109852
003     ULIB
008    110412s2551||||th 000 0 tha d
020    9789744224606
060 04 WC528^bศ466น 2551
245 00 แนวทางการวินิจฉัยและรักษาโรคไข้เลือดออกเดงกี /^cบรรณาธิการ,ศิริเพ็ญ กัลยาณรุจ, สุจิตรา นิมมานนิตย์
250    พิมพ์ครั้งที่ 2
260    [นนทบุรี] :^bกระทรวงสาธารณสุข,^c2551
300    202 หน้า ;^c15 ซม.
650  7 ไข้เลือดออก^xการรักษา
650  7 ไข้เลือดออก^xการวินิจฉัย
650  7 เด็งกี^xการรักษา
650  7 เด็งกี^xการวินิจฉัย
700 0  ศิริเพ็ญ กัลยาณรุจ,^eบรรณาธิการ
700 0  สุจิตรา นิมมานนิตย์,^eบรรณาธิการ
710 2  กระทรวงสาธารณสุข
945    ^p0^l0^i025965
945    ^p0^l0^i025966
995    ทศพร
999 ^a ใช้งานได้ทุกระบบ
รายการนี้ยังไม่มีแท็ก
คุณยังไม่ได้ล็อกอิน คุณสามารถมีกิจกรรมร่วมกับเว็บไซต์ได้ แต่ต้องล็อกอินก่อน ::
  ล็อกอิน

รายการสื่อสารสนเทศ

ลำดับที่ ประเภท เลขเรียก/บาร์โค้ด สถานที่ สถานะ
- ไม่พบข้อมูล -

BibComment


ยังไม่เคยถูกคอมเมนท์

คอมเมนท์ทรัพยากรรายการนี้
  คอมเมนท์: แนวทางการวินิจฉัย..


 Copyright 2026. Bcnsprnw @Library